Normal view
MARC view
Entry Topical Term
001 - CONTROL NUMBER
- control field: 159274
003 - CONTROL NUMBER IDENTIFIER
- control field: OSt
005 - DATE AND TIME OF LATEST TRANSACTION
- control field: 20220923211202.0
008 - FIXED-LENGTH DATA ELEMENTS
- fixed length control field: 220923|| aca||aabn | a|a d
040 ## - CATALOGING SOURCE
- Original cataloging agency: OSt
- Transcribing agency: OSt
150 ## - HEADING--TOPICAL TERM
- Topical term or geographic name entry element: दर्शनशास्त्र
670 ## - SOURCE DATA FOUND
- Source citation: Work cat.: (OSt)296483: पाण्डेय, व्रजेश कुमार, ले. 159273, शक्तिविशिष्टाद्वैत दर्शन में जीव - स्वरूप, 2008
